| 000 | 00433nam a2200097Ia 4500 | ||
|---|---|---|---|
| 008 | 180130s9999 xx 000 0 und d | ||
| 245 |
_cOnes, Deniz S.; Dilchert, Stephan _aMeasuring, understanding, and influencing employee green behaviors |
||
| 260 | _c2013 | ||
| 300 | _aBook title: Green organizations : driving change with I-O psychology--Acession number C18638; pages 115-148 | ||
| 650 | _aBUSINESS ENTERPRISES--ENVIRONMENTAL ASPECTS | ||
| 999 |
_c354597 _d354597 |
||